English Counties Bigger Than Their Neighbours - Statistics

General Stats
  • This quiz has been taken 11 times
  • The average score is 4 of 6
Answer Stats
Size Rank Answer % Correct
4 Devon
82%
2 Lincolnshire
82%
1 North Yorkshire
73%
10 Kent
64%
9 Hampshire
55%
13 Shropshire
36%
No matching quizzes found
Score Distribution
Percent of People with Each Score
Percentile by Number Answered
Your Score History
You have not taken this quiz